000
00318nam a2200121Ia 4500
008
191201s2011 xx 000 0 und d
100
_a
SENIOR, John M
245
0
_a
Optical Fiber Communication Principles and Practice
260
_a
N. Delhi
_b
Pearson
_c
2011
300
_a
1076
650
_a
B.Tech(ECE)
942
_2
ddc
_c
BK
999
_c
6361
_d
6361